000 002760000a22000970004500
100 1 _aNoble, Tom A.
245 1 0 _aGregory Nazianen's use of Scripture in defence of the deity of the Spirit
300 _aNum 39 (1988), Páginas 101-124
773 0 _tTyndale Bulletin
942 _cANA
999 _c56688
_d56688